| 000 | 00714nam a2200253 a 4500 | ||
|---|---|---|---|
| 001 | adlib96000001 | ||
| 003 | ViArRB | ||
| 005 | 200902210153555.7 | ||
| 008 | 960221s1955 dcuabcdjdbkoqu001 0deng d | ||
| 020 | _a9788180311130 | ||
| 022 | _a | ||
| 040 | _aAdlib | ||
| 082 | _a89H-2.09 | ||
| 245 | _aSwathanthrothar Hindi natak moolya sankraman | ||
| 250 | _a | ||
| 260 |
_aAllahabad _bLokbharathy Prakashan _c2007 |
||
| 300 |
_a228p _c |
||
| 500 | _a | ||
| 100 |
_aMisra, Jyotheeswar _e |
||
| 700 |
_a _a |
||
| 942 | _cBK | ||
| 653 | _aHindi Literature - Drama - Criticism | ||
| 952 |
_w2010-06-16 _p00063373 _r2012-08-27 _40 _00 _bUL _10 _o89H-2.09 MIS _d2010-06-16 _70 _yBK _s2012-07-20 _l7 _aUL |
||
| 999 |
_c56744 _d56743 |
||